000 00724nam a22002417a 4500
001 94109
003 UA-OsUOA
005 20210620233448.0
007 ta
008 20130205b un ||||| |||| 00| 0 ukr d
040 _aUA-OsUOA
_brus
_cUA-OsUOA
_dUA-OsUOA
041 _arus
080 _a821.161.1
090 _a821.161.1
_bД17
100 _aДангулов С.
245 _aКузнецкий мост
_bроман
_cСавва Дангулов
260 _aМ.
_bСов. писатель
_c1975
300 _a486 с.
650 7 _a82 Література. Літературознавство
_2UDC
942 _cBK
_2udc
955 _a3
999 _c380366
_d380366